Mixed Word: Reptiles Quiz Stats

 Plays Quiz Updated Mar 18, 2013

Support Sporcle.
Go Orange.
Score 0/16 Timer 05:00
3 Plays Today
Scrambled Reptile Unscrambled Reptile % Correct
URTELTTURTLE
94%
ABO OCNCTROSTRIBOA CONSTRICTOR
93.4%
AIGAUNIGUANA
89.6%
DKOMOO GOANDRKOMODO DRAGON
89.6%
CRIEDCOOLCROCODILE
88.7%
TOHNYPPYTHON
88.4%
GALTOIRLAALLIGATOR
87.4%
COGKEGECKO
84.3%
Scrambled Reptile Unscrambled Reptile % Correct
NKKSISKINK
78.3%
TMONIOR DAIRLZMONITOR LIZARD
75%
CARBOCOBRA
74.6%
NADOAACNANACONDA
74%
MAHLOENCECHAMELEON
52.2%
ROOTIESTTORTOISE
51.2%
LNATAERTKSERATTLESNAKE
48.9%
ADIOSRUNDINOSAUR
28%

You're not logged in!

Compare scores with friends on all Sporcle quizzes.
OR
Log In

From the Vault

30 in 60: World Landmarks

by emilymarie07

Only on Sporcle can you tour this many landmarks in just one minute.
Remove Ads.
Support Sporcle.
Get the best of Sporcle when you Go Orange. This ad-free experience offers more features, more stats, and more fun while also helping to support Sporcle. Thank you for becoming a member.

Show Comments

Extras

Top Quizzes Today


Score Distribution

Your Account Isn't Verified!

In order to create a playlist on Sporcle, you need to verify the email address you used during registration. Go to your Sporcle Settings to finish the process.

Report this User

Report this user for behavior that violates our Community Guidelines.

Details: